1665 1230 1051 1015 1566 1611 1531 1084 1108 1452 1274 1629 1361 1675 1756 1756 1044 1906 1834 1919 1071 1737 1119 1541 1450 1187 1691 1916 1340 1353 1355 1517 1095 1496 1343 1328 1944 1017 1885 1291 1551 1058 1295 1293 1564 1732 1756 1320 1671 1779 1230 1429 1171 1237 1004 1390 1007 1797 1423 1939 1737 1908 1919 1343 1043 1603 1229 1448 1478 1456 1214 1038 1295 1526 1925 1707 1134 1153 1842 1643 1619 1159 1278 1249 1292 1239 1552 1730 1112 1566 1720 1699 1887 1909 1349 1614 1798 1818 1380 BCNSPRNW ULIB Ver.6.0+V

เปลี่ยนเป็นภาษาไทย

Change to English
 แสดงรายละเอียดบรรณานุกรม
  กลับหน้าหลัก

Brief Record : Get Marc (ISO 2709) : E-mail record : QR code < ปิดหน้าต่าง
LEADER : 00000nam 2200000uu 4500
001    13399113644
003     ULIB
008    111209s2547||||th 000 0 tha d
020    ^a9743233091
090    ^aนว.^bบ896ย 2547
100    ^aแบลดเลย์, เจมส์
245    ^aยุทธภูมินรกอโวจิมา = Flags of our fathers/^cแบลดเลย์, เจมส์
250    ^aพิมพ์ครั้งที่ 1
260    ^aกรุงเทพฯ :^bมติชน,^c2547
300    ^a335 หน้า
710 1  ^aมติชน
945    ^p220^l0^i021597
995    ^aทศพร
999 ^a ทศพร
รายการนี้ยังไม่มีแท็ก
คุณยังไม่ได้ล็อกอิน คุณสามารถมีกิจกรรมร่วมกับเว็บไซต์ได้ แต่ต้องล็อกอินก่อน ::
  ล็อกอิน

รายการสื่อสารสนเทศ

ลำดับที่ ประเภท เลขเรียก/บาร์โค้ด สถานที่ สถานะ
1. นวนิยาย
นวนิยาย
นว. บ896ย 2547 ฉ.1 
  Barcode: 021597
ห้องสมุดวิทยาเขตสวรรค์ประชารักษ์
►นวนิยาย
บนชั้น
  ขอยืม

BibComment


ยังไม่เคยถูกคอมเมนท์

คอมเมนท์ทรัพยากรรายการนี้
  คอมเมนท์: ยุทธภูมินรกอโวจิ..


 Copyright 2026. Bcnsprnw @Library